[Event "111th ch-SUI"]
[Site "Leukerbad SUI"]
[Date "2011.07.09"]
[Round "3"]
[White "Sutter,O"]
[Black "Studer,N"]
[Result "0-1"]
[WhiteElo "2361"]
[BlackElo "2076"]

1.Nf3 Nf6 2.c4 c5 3.Nc3 e6 4.g3 b6 5.Bg2 Bb7 6.O-O Be7 7.Re1 d6 8.e4 Nbd7
9.d4 cxd4 10.Nxd4 Qc7 11.Be3 a6 12.Rc1 O-O 13.f4 Rfe8 14.f5 e5 15.Nd5 Qb8
16.Nb3 Bd8 17.Qe2 Bc6 18.g4 h6 19.h4 Nh7 20.Qf2 Bf6 21.Nd2 Bxd5 22.cxd5 Nc5
23.Bxc5 bxc5 24.Nf3 Qd8 25.Kh2 g5 26.h5 Rb8 27.Bf1 Qa5 28.b3 Rb4 29.Rc4 Reb8
30.Rec1 Be7 31.Kg3 Nf6 32.Qe2 Rxc4 33.Rxc4 Rb4 34.Rxb4 Qxb4 35.Qxa6 Qxe4
36.Qc4 Qe3 37.Kg2 e4 38.Nh2 Nxg4 39.Nxg4 Qf3+ 40.Kh2 Qxg4 41.Bg2 Qh4+ 42.Kg1 Bf6
43.Qe2 Bd4+ 44.Kf1 Qf4+ 45.Ke1 Qc1+ 46.Qd1 Bc3+ 47.Ke2 Qb2+ 48.Kf1 e3  0-1

[Event "Myrhorod Open A"]
[Site "Myrhorod UKR"]
[Date "2011.07.10"]
[Round "3.17"]
[White "Bilokha,S"]
[Black "Mulenko,A"]
[Result "1-0"]
[WhiteElo "2218"]
[BlackElo "2065"]

1.Nf3 Nf6 2.c4 e6 3.Nc3 c5 4.g3 b6 5.Bg2 Bb7 6.O-O Be7 7.b3 O-O 8.Bb2 Na6
9.d4 Ne4 10.d5 Nxc3 11.Bxc3 exd5 12.cxd5 Bf6 13.Bxf6 Qxf6 14.e4 d6 15.Qd2 Rfe8
16.Nh4 Nb8 17.f4 Nd7 18.Rae1 Ba6 19.Rf2 g6 20.e5 Qe7 21.e6 f5 22.Nf3 Nf6
23.Ng5 Rac8 24.Nf7 Rf8 25.Qc3 Rce8 26.h3 Kg7 27.Rd1 Rxf7 28.exf7 Kxf7 29.Rc2 Ne4
30.Bxe4 fxe4 31.Qe3 Qf6 32.Rf2 h5 33.Kg2 Qf5 34.Rfd2 Bd3 35.Rf2 Qxd5 36.f5 gxf5
37.Kh2 Kg6 38.h4 Re5 39.Qg5+ Kf7 40.Qxh5+ Ke7 41.Qg5+ Kd7 42.Re1 Qe6 43.Rf4 Qe7
44.Qg6 e3 45.Qg8 Qe8 46.Qxe8+ Kxe8 47.Rf3 d5 48.Rfxe3 Rxe3 49.Rxe3+ Be4 50.g4 d4
51.Re1 Kf7 52.Kg3 Bc2 53.Kf4 fxg4 54.h5 b5 55.Rc1 d3 56.Ke3 Kf6 57.Rh1 Kg7
58.Rg1 Kh6 59.Rxg4 Kxh5 60.Rg7 c4 61.bxc4 bxc4 62.Rc7 Kg5 63.Rxc4 Kf5 64.Rc5+ Ke6
65.Ra5 Kd6 66.Kd2 Kc6 67.Rxa7 Kb6 68.Ra8 Kb7 69.Rd8 Kc7 70.Rd4 Kb6 71.Kc3 Kb5
72.Rd8 Kb6 73.Kb4 Kc7 74.Rd4 Kc6 75.a3 Kb6 76.Rd6+ Kc7 77.Kc5 Kb7 78.Kb5 Bd1
79.Rd7+ Kc8 80.Rd4 Kb7 81.Kc5 Be2 82.Rd6 Ka7 83.a4 Kb7 84.Rb6+ Ka7 85.Rd6 Kb7
86.a5 Ka7 87.Kb4 Bf1 88.Kb5 Bh3 89.a6 Bc8 90.Ka5 d2 91.Rxd2 Bxa6 92.Rd7+ Bb7
93.Rg7 Kb8 94.Kb6 Bd5 95.Rd7  1-0

[Event "Oberwart Open"]
[Site "Oberwart AUT"]
[Date "2011.07.10"]
[Round "2.6"]
[White "Sadilek,P"]
[Black "Sergeev,Vl"]
[Result "1/2-1/2"]
[WhiteElo "2233"]
[BlackElo "2522"]

1.Nf3 Nf6 2.c4 c5 3.Nc3 g6 4.d4 Bg7 5.e4 O-O 6.d5 d6 7.Bd3 e5 8.h3 Nh5 9.g3 Na6
10.Bg5 f6 11.Be3 Nb4 12.Bb1 f5 13.exf5 gxf5 14.Ng5 Nf6 15.a3 Na6 16.Ne6 Bxe6
17.dxe6 f4 18.gxf4 exf4 19.Bxf4 Qe8 20.Qe2 Nh5 21.Be3 Nf4 22.Bxf4 Bxc3+ 23.bxc3 Rxf4
24.Be4 Rb8 25.Qe3 Rxe4 26.Qxe4 Nc7 27.Rg1+ Kh8 28.O-O-O Qe7 29.Qf4 Rf8 30.Qxd6 Qf6  1/2-1/2

[Event "Open ch-SVK A"]
[Site "Banska Stiavnica SVK"]
[Date "2011.07.11"]
[Round "3"]
[White "Leniart,A"]
[Black "Ftacnik,L"]
[Result "0-1"]
[WhiteElo "2455"]
[BlackElo "2556"]

1.c4 Nf6 2.Nc3 c5 3.Nf3 e6 4.g3 b6 5.Bg2 Bb7 6.O-O Be7 7.Re1 d5 8.cxd5 exd5
9.d4 O-O 10.Bf4 Na6 11.Rc1 Re8 12.dxc5 Bxc5 13.e3 Ne4 14.Be5 Rc8 15.a3 Bf8
16.Bd4 Nac5 17.Nb1 Ba6 18.Bf1 Bxf1 19.Rxf1 Qd7 20.b4 Ne6 21.Ne5 Qb7 22.Bb2 Rxc1
23.Qxc1 Rc8 24.Qd1 Nd6 25.Qd3 Nc4 26.Ba1 Ng5 27.Qf5 d4 28.Qxg5 f6 29.Qf5 Nxe5
30.Nd2 dxe3 31.fxe3 Re8 32.Bd4 Qc6 33.Nf3 Nxf3+ 34.Qxf3 Qxf3 35.Rxf3 Kf7
36.Rf2 Rc8 37.Rd2 Ke6 38.Kf2 h5 39.Kf3 Bd6 40.Ke4 Rc1 41.Kd3 g5 42.Rc2 Rxc2
43.Kxc2 f5 44.Kd3 Kd5 45.Bf6 g4 46.Bc3 b5 47.Bd4 a6 48.Bf6 Bc7 49.Bc3 Bd8
50.Bg7 h4 51.gxh4 Bxh4 52.Bh6 Bd8 53.Bf4 a5 54.Bg3 axb4 55.axb4 Be7 56.Kc3 Ke4
57.Bf4 Bf8 58.Kb3 Kd3 59.Ka3 Be7  0-1

[Event "St Pauli Open"]
[Site "Hamburg GER"]
[Date "2011.07.11"]
[Round "4.31"]
[White "Gollasch,T"]
[Black "Seidel,Mik"]
[Result "1-0"]
[WhiteElo "2096"]
[BlackElo "1869"]

1.Nf3 c5 2.c4 Nf6 3.Nc3 d5 4.cxd5 Nxd5 5.g3 Nc6 6.Bg2 Nc7 7.O-O e5 8.d3 Be7
9.b3 O-O 10.Bb2 f6 11.Rc1 b6 12.Qc2 Bb7 13.Rfd1 Ne6 14.e3 Rc8 15.Qb1 Rc7
16.Ne1 Qa8 17.Bd5 Nd8 18.e4 Kh8 19.Ng2 Nd4 20.Ne3 Qc8 21.Kg2 N8e6 22.Bxe6 Nxe6
23.Ncd5 Bxd5 24.Nxd5 Ng5 25.f4 Qh3+ 26.Kh1 Nf3 27.Qc2 Rd7 28.Qg2 Qxg2+ 29.Kxg2 Nd4
30.Bxd4 exd4 31.f5 Rc8 32.Rc2 Kg8 33.Kf3 Bd6 34.h4 Be5 35.g4 Rf8 36.Rg1 g6
37.a3 Rff7 38.b4 cxb4 39.axb4 Rg7 40.Rc8+ Kf7 41.Nf4 Bd6 42.b5 gxf5 43.exf5 Bxf4
44.Kxf4 Rg8 45.Rc6 Re8 46.g5 fxg5+ 47.hxg5 Rd5 48.Rc7+ Re7 49.Rxe7+ Kxe7
50.Rh1 Rxb5 51.Rxh7+ Kf8 52.g6  1-0

[Event "Myrhorod Open A"]
[Site "Myrhorod UKR"]
[Date "2011.07.11"]
[Round "4.4"]
[White "Chernov,Evgen"]
[Black "Grinev,V"]
[Result "0-1"]
[WhiteElo "2291"]
[BlackElo "2379"]

1.Nf3 Nf6 2.c4 c5 3.Nc3 b6 4.g3 Bb7 5.Bg2 e6 6.O-O Be7 7.Re1 d6 8.e4 a6 9.d4 cxd4
10.Nxd4 Qc7 11.Be3 Nbd7 12.f4 O-O 13.Rc1 Rfe8 14.Bf2 h6 15.Nd5 exd5 16.cxd5 Qb8
17.Nc6 Bxc6 18.dxc6 Nc5 19.e5 dxe5 20.c7 Qxc7 21.Bxa8 Rxa8 22.fxe5 Nh7 23.Qf3 Rd8
24.b4 Ng5 25.Qg2 Rd2 26.h4 Rxf2 27.Qa8+ Kh7 28.hxg5 Rxa2 29.bxc5 Bxc5+ 30.Kh1 Qd7  0-1

[Event "8th South Wales Int"]
[Site "Penarth WLS"]
[Date "2011.07.11"]
[Round "5.1"]
[White "Wells,P"]
[Black "Eggleston,D"]
[Result "1/2-1/2"]
[WhiteElo "2489"]
[BlackElo "2318"]

1.Nf3 Nf6 2.c4 e6 3.Nc3 c5 4.g3 b6 5.Bg2 Bb7 6.d4 cxd4 7.Qxd4 Be7 8.O-O O-O
9.Rd1 d6 10.Bg5 a6 11.Bxf6 gxf6 12.Qg4+ Kh8 13.Qh5 Nd7 14.Nd4 Bxg2 15.Kxg2 Rc8
16.f4 f5 17.Qf3 Qc7 18.Rac1 Qxc4 19.Nxf5 exf5 20.Nd5 Qxc1 21.Rxc1 Rxc1 22.Nxe7 Nf6
23.Qd3 Ne4 24.Nxf5 Re8 25.Qd4+ f6 26.Nxd6 Nxd6 27.Qxd6 Kg7 28.Qd7+ Kf8 29.Qxh7 Rxe2+
30.Kf3 Rxb2 31.Qg6 Rc6 32.Qd3 Rbc2 33.Qd8+ Kf7 34.Qd7+ Kf8 35.Qd8+ Kf7  1/2-1/2

[Event "XX Adolf Anderssen Memorial Open"]
[Site "Wroclaw POL"]
[Date "2011.07.11"]
[Round "6"]
[White "Krasenkow,M"]
[Black "Dragun,K"]
[Result "1-0"]
[WhiteElo "2607"]
[BlackElo "2428"]

1.Nf3 Nf6 2.c4 g6 3.Nc3 c5 4.e4 d6 5.d4 cxd4 6.Nxd4 Bg7 7.Be2 O-O 8.O-O Nc6
9.Nc2 a6 10.Be3 Nd7 11.Qd2 Rb8 12.f4 Nc5 13.Bf3 b5 14.cxb5 axb5 15.e5 Na5
16.Rad1 Nc4 17.Qf2 Nxe3 18.Nxe3 b4 19.Ne4 Qa5 20.Nd5 Rb7 21.exd6 Nxe4 22.Bxe4 exd6
23.f5 gxf5 24.Bxf5 Qc5 25.Bxc8 Rxc8 26.b3 Ra7 27.Kh1 Kh8 28.Qf4 Rxa2 29.Nxb4 Ra7
30.Nd5 Ra2 31.Rc1 Rc2 32.Rxc2 Qxc2 33.b4 Qd3 34.Qf3 Qb5 35.Rd1 Qb7 36.Qf5 Re8
37.Nf6 Bxf6 38.Qxf6+ Kg8 39.Qxd6 Qe4 40.h3 Qe2 41.Rd3 Re6 42.Rg3+ Rg6 43.Qb8+ Kg7
44.b5 h5 45.Rxg6+ Kxg6 46.b6 h4 47.b7 Qe1+ 48.Kh2 Qe7 49.Qg8+  1-0

[Event "FSFMC July"]
[Site "Budapest HUN"]
[Date "2011.07.12"]
[Round "10.3"]
[White "Szabo,Mik"]
[Black "Nagy,Peter"]
[Result "1/2-1/2"]
[WhiteElo "1358"]
[BlackElo "1535"]

1.c4 Nf6 2.Nf3 e6 3.Nc3 c5 4.d4 d5 5.cxd5 Nxd5 6.e4 Nxc3 7.bxc3 Nc6 8.Bb5 Qb6
9.Bxc6+ bxc6 10.O-O Ba6 11.Re1 cxd4 12.cxd4 Bb4 13.Bd2 Bxd2 14.Qxd2 O-O 15.Reb1 Qc7
16.Rb4 Rab8 17.Rab1 Rb6 18.Qc3 Rfb8 19.a3 Rxb4 20.Rxb4 Rxb4 21.Qxb4  1/2-1/2

[Event "Myrhorod Open A"]
[Site "Myrhorod UKR"]
[Date "2011.07.12"]
[Round "6.1"]
[White "Solovchuk,A"]
[Black "Budnikov,O"]
[Result "0-1"]
[WhiteElo "2375"]
[BlackElo "2428"]

1.Nf3 Nf6 2.c4 c5 3.Nc3 e6 4.g3 b6 5.Bg2 Bb7 6.O-O Be7 7.d4 cxd4 8.Qxd4 d6
9.Rd1 a6 10.a3 Nbd7 11.b4 Qc7 12.Bb2 Rc8 13.Rac1 O-O 14.Nd2 Bxg2 15.Kxg2 Rfd8
16.f3 Ne5 17.Nce4 Nxe4 18.Nxe4 f5 19.f4 Qc6 20.fxe5 fxe4 21.Qe3 h6 22.h4 dxe5
23.Rxd8+ Rxd8 24.Bxe5 a5 25.b5 Qb7 26.a4 Bc5 27.Qf4 Rf8 28.Qg4 Rf5 29.Bf4 Qf7
30.Bxh6 Rf2+ 31.Kh3 Rf1 32.Qxe4 gxh6 33.Rxf1 Qxf1+ 34.Kg4 Qf6 35.Qa8+ Kg7
36.Qf3 h5+ 37.Kh3 Qf5+ 38.Kg2 Kg6 39.e4 Qf6 40.Qf4 Qxf4 41.gxf4 Kf7 42.Kf3 Ke8  0-1

[Event "ch-Central Serbia Int Open A"]
[Site "Paracin SRB"]
[Date "2011.07.12"]
[Round "5.51"]
[White "Tonic,Milos"]
[Black "Jovanovic,Miro2"]
[Result "0-1"]
[WhiteElo "2151"]
[BlackElo "2135"]

1.c4 c5 2.Nc3 Nf6 3.Nf3 e6 4.g3 b6 5.Bg2 Bb7 6.O-O Be7 7.d4 d6 8.Qd3 O-O
9.e4 cxd4 10.Nxd4 a6 11.Rd1 Qc7 12.b3 Nbd7 13.Bb2 Rac8 14.Rac1 Qb8 15.h3 Rfd8
16.Qe2 Qa8 17.Ba3 Bf8 18.Kh2 g6 19.Nc2 Qb8 20.Ne3 Bc6 21.Rc2 b5 22.cxb5 axb5
23.Bb4 h5 24.Kg1 Nc5 25.e5 Bxg2 26.Nxg2 dxe5 27.Rxd8 Rxd8 28.Qxb5 Qa7 29.Qa5 Qxa5
30.Bxa5 Ra8 31.Bb4 Nxb3 32.axb3 Bxb4 33.Na2 Be7 34.Ne3 Rb8 35.Rb2 Nd5 36.Kf1 Kf8
37.Ke2 f5 38.Nxd5 exd5 39.Nc3 d4 40.Nd5 Kf7 41.Kd3 Ke6 42.Nxe7 Kxe7 43.Kc4 Kd6
44.b4 Rc8+ 45.Kb3 d3 46.b5 Kc5 47.Kc3 e4 48.b6 Rb8 49.b7 Kc6 50.Kd4 Rxb7
51.Ra2 Rd7+ 52.Ke3 d2 53.Rxd2 Rxd2 54.Kxd2 g5 55.Ke3 Kd5 56.h4 gxh4 57.gxh4 Ke5
58.Ke2 Kf4  0-1

[Event "8th South Wales Int"]
[Site "Penarth WLS"]
[Date "2011.07.12"]
[Round "6.6"]
[White "Cobb,J"]
[Black "Rayner,F"]
[Result "1-0"]
[WhiteElo "2408"]
[BlackElo "2140"]

1.Nf3 c5 2.c4 Nf6 3.Nc3 e6 4.g3 b6 5.Bg2 Bb7 6.O-O Be7 7.Re1 d5 8.cxd5 Nxd5
9.e4 Nb4 10.d4 cxd4 11.Nxd4 O-O 12.a3 N4c6 13.e5 a6 14.Nxc6 Nxc6 15.Qg4 Kh8
16.Bf4 Qc7 17.Rac1 Qb8 18.Rcd1 Qc7 19.Qh5 Rad8 20.Rxd8 Nxd8 21.Ne4 Qc2 22.Qe2 Qxe2
23.Rxe2 Bd5 24.Nd6 Bxg2 25.Kxg2 g5 26.Be3 Nc6 27.Bxb6 g4 28.Bc5 Kg7 29.Re4 h5
30.h3 gxh3+ 31.Kxh3 Rd8 32.f4 Kg6 33.Ra4 a5 34.b4 axb4 35.axb4 f6 36.Ra6 Nb8
37.Ra7 Nd7 38.Bb6 Nxb6 39.Rxe7 fxe5 40.Rxe6+ Kh7 41.fxe5 Nd5 42.b5 Rb8 43.Kh4 Rg8
44.Nf5 Rb8 45.Nd4 Rg8 46.Nf5 Rb8 47.Rh6+ Kg8 48.Rd6 Nc3 49.b6 Ne4 50.Rc6 Kf7
51.Nd6+ Nxd6 52.Rxd6 Rg8 53.Rd4 Ke6 54.b7 Kxe5 55.Rb4 Rb8 56.Kxh5 Kf5 57.g4+ Kf6
58.g5+ Kg7 59.Rb6 Kh7 60.g6+ Kg7 61.Kg4 Kf8 62.Kf5 Ke7 63.Ke5  1-0

[Event "3rd International Open"]
[Site "Rethymno GRE"]
[Date "2011.07.12"]
[Round "2"]
[White "Tuhrim,R"]
[Black "Zinchenko,Ya"]
[Result "1/2-1/2"]
[WhiteElo "2163"]
[BlackElo "2543"]

1.Nf3 Nf6 2.c4 g6 3.Nc3 c5 4.g3 b6 5.Bg2 Bb7 6.O-O Bg7 7.d4 cxd4 8.Nxd4 Bxg2
9.Kxg2 O-O 10.e4 Qc7 11.Bg5 Qxc4 12.Rc1 Nxe4 13.Nxe4 Qxd4 14.Qxd4 Bxd4 15.Bxe7 Re8
16.Bf6 Nc6 17.f3 Be5 18.Rfd1 Re6 19.Bxe5 Nxe5 20.Rc7 a5 21.f4 Ng4 22.Rdxd7 Rxe4
23.Rxf7 h5 24.Rg7+ Kf8 25.Rh7 Kg8 26.Rcg7+ Kf8 27.Rc7 Kg8 28.Rcg7+  1/2-1/2

[Event "Opatija Summer Open"]
[Site "Opatija CRO"]
[Date "2011.07.13"]
[Round "3.7"]
[White "Rajter,Emil"]
[Black "Vrhovnik,D"]
[Result "0-1"]
[WhiteElo "1821"]
[BlackElo "2082"]

1.Nf3 Nf6 2.c4 c5 3.Nc3 g6 4.d4 cxd4 5.Nxd4 Bg7 6.e4 d6 7.Be2 Nc6 8.O-O Nxd4
9.Qxd4 O-O 10.Bg5 Be6 11.Qd2 Rc8 12.b3 Re8 13.Rad1 a6 14.f3 Qa5 15.Nd5 Qxd2
16.Rxd2 Bxd5 17.exd5 Nd7 18.f4 Nc5 19.Bg4 Rc7 20.Re2 b5 21.cxb5 axb5 22.f5 Bd4+
23.Kh1 f6 24.Bh4 Be5 25.Rc2 Rb7 26.Rd1 b4 27.fxg6 hxg6 28.Re1 Kg7 29.h3 Rh8
30.Bf2 Nd3 31.Ree2 f5 32.Bf3 g5 33.Kg1 Bc3 34.Be3 Kf6 35.a3 Be5 36.a4 Bc3
37.Kf1 Ne5 38.Rf2 Nd3 39.Rfe2 g4 40.hxg4 Rh1+ 41.Bg1 Bd4 42.Re6+ Kf7 43.gxf5 Rxg1+
44.Ke2 Nf4+ 45.Kd2 Rf1 46.Rc4 Bc3+ 47.Ke3 Rxf3+ 48.Kxf3 Nxe6 49.fxe6+ Kf6
50.g4 Ke5 51.Re4+ Kxd5 52.Re2 Be5 53.g5 Kxe6 54.Kg4 Rb8 55.Rf2 d5 56.g6 d4
57.Kh5 Bf6 58.Kg4 Kd5 59.Kf5 Rh8 60.a5 Rh5+  0-1

[Event "SPA Open A"]
[Site "Amsterdam NED"]
[Date "2011.07.14"]
[Round "6"]
[White "Afek,Y"]
[Black "Van Hengel,H"]
[Result "1-0"]
[WhiteElo "2298"]
[BlackElo "2203"]

1.c4 Nf6 2.Nc3 c5 3.Nf3 e6 4.g3 b6 5.Bg2 Bb7 6.O-O Be7 7.d4 cxd4 8.Qxd4 O-O
9.e4 d6 10.b3 Nbd7 11.Bb2 a6 12.Rfe1 Qc7 13.h3 Rfe8 14.Kh2 Rad8 15.Qd2 Qb8
16.Nd4 Qa8 17.Rad1 Nc5 18.Qc2 Bf8 19.b4 Ncd7 20.f4 Nb8 21.a3 Rc8 22.Qe2 Rc7
23.Nb1 Nc6 24.Nd2 Rec8 25.Qf2 Nd7 26.Ne2 Be7 27.g4 Bf8 28.Ng3 Ne7 29.f5 Nc6
30.Nf3 Be7 31.g5 Nce5 32.Nxe5 Nxe5 33.f6 Bf8 34.Bxe5 dxe5 35.fxg7 Bxg7 36.Bf1 Rd8
37.Qxb6 Rcd7 38.Rxd7 Rxd7 39.Qe3 Rd4 40.c5 Bf8 41.Nh5 Be7 42.Bg2 a5 43.Qg3 Qb8
44.Nf6+ Kg7 45.b5 Bxc5 46.Rc1 Be7 47.Qh4 Bxf6 48.Qh6+ Kh8 49.gxf6 Qg8 50.Rc3 Bxe4
51.Rc8  1-0

[Event "ch-Central Serbia Int Open A"]
[Site "Paracin SRB"]
[Date "2011.07.14"]
[Round "8.48"]
[White "Pregarac,V"]
[Black "Jovanovic,Miro2"]
[Result "1-0"]
[WhiteElo "2105"]
[BlackElo "2135"]

1.c4 Nf6 2.Nc3 c5 3.Nf3 e6 4.g3 b6 5.Bg2 Bb7 6.O-O a6 7.b3 Be7 8.Bb2 O-O
9.e3 Qc7 10.Qe2 d6 11.Ne1 Nbd7 12.f4 Bxg2 13.Nxg2 Qc6 14.e4 Rfd8 15.g4 g6
16.Rac1 Rf8 17.g5 Nh5 18.Ne3 Rfe8 19.Ng4 Bf8 20.Rf3 Bg7 21.Rcf1 d5 22.e5 b5
23.Rh3 b4 24.Nd1 dxc4 25.bxc4 Red8 26.Qe3 Nb6 27.d3 a5 28.Ndf2 Na4 29.Ba1 Rab8
30.Ne4 b3 31.axb3 Rxb3 32.Nd6 Nb2 33.Qd2 Rdb8 34.Rb1 Nxc4 35.Rxb3 Nxd2 36.Rxb8+ Bf8
37.Nh6+ Kg7 38.Ne8+ Kh8 39.Nd6 Kg7 40.Ne8+ Kh8 41.Nd6 Kg7 42.Rb7 Qxb7 43.Nxb7 Nxf4
44.Re3 Nd5 45.Rg3 Be7 46.h4 Nf4 47.Kf2 c4 48.Ke3 Nh5 49.Rg1  1-0

[Event "10th Bergamo Open"]
[Site "Bergamo ITA"]
[Date "2011.07.15"]
[Round "2.9"]
[White "Locci,D"]
[Black "Arnaudov,G"]
[Result "0-1"]
[WhiteElo "2167"]
[BlackElo "2439"]

1.c4 Nf6 2.Nc3 c5 3.Nf3 e6 4.e4 Nc6 5.d4 cxd4 6.Nxd4 Bb4 7.Nxc6 dxc6 8.Qxd8+ Kxd8
9.f3 e5 10.Be3 Be6 11.a3 Bxc3+ 12.bxc3 Nd7 13.c5 Kc7 14.Be2 b6 15.cxb6+ axb6
16.Bd1 Ra5 17.O-O Rha8 18.Bc1 Nc5 19.Bc2 Bb3 20.Bxb3 Nxb3 21.Rb1 Nxc1 22.Rbxc1 f6
23.f4 exf4 24.Rxf4 Re5 25.Rg4 Re7 26.Ra1 Ra4 27.Rh4 h6 28.Kf2 Raxe4 29.Rxe4 Rxe4
30.Kf3 Re7 31.Ra2 Kd6 32.Rd2+ Kc5 33.Rd4 Kb5 34.a4+ Ka5 35.h4 c5 36.Rg4 g5
37.h5 f5  0-1

[Event "III Corporation Cup A"]
[Site "Izhevsk RUS"]
[Date "2011.07.15"]
[Round "1"]
[White "Iliushkin,E"]
[Black "Lastin,A"]
[Result "1/2-1/2"]
[WhiteElo "2281"]
[BlackElo "2611"]

1.c4 Nf6 2.Nc3 c5 3.Nf3 e6 4.e3 Nc6 5.a3 d5 6.d4 a6 7.b3 cxd4 8.exd4 g6 9.Be2 Bg7
10.O-O O-O 11.Rb1 b6 12.Ne5 Bb7 13.Bg5 h6 14.Bxf6 Bxf6 15.Nxc6 Bxc6 16.cxd5 exd5
17.Na4 Qd6 18.Nxb6 Rab8 19.Na4 Bxa4 20.bxa4 Rxb1 21.Qxb1 Qxa3 22.Qc2 a5 23.Bf3 Bxd4
24.Bxd5 Kg7 25.Qc4 Qc5 26.Qxc5 Bxc5 27.Rc1 Re8 28.g3 Bb4 29.Rc7 Re7 30.Rxe7 Bxe7
31.f4  1/2-1/2

[Event "SPA Open A"]
[Site "Amsterdam NED"]
[Date "2011.07.16"]
[Round "8"]
[White "Theulings,PP"]
[Black "Duijker,R"]
[Result "1/2-1/2"]
[WhiteElo "2120"]
[BlackElo "2276"]

1.Nf3 Nf6 2.c4 c5 3.Nc3 e6 4.d4 cxd4 5.Nxd4 Nc6 6.Bf4 a6 7.Nxc6 bxc6 8.Bd6 Bxd6
9.Qxd6 Qe7 10.Qxe7+ Kxe7 11.e4 d6 12.O-O-O Nd7 13.Be2 e5 14.Rd2 h5 15.Rhd1 Rh6
16.Na4 c5 17.g4 hxg4 18.Bxg4 Nf6 19.Bxc8 Rxc8 20.Rxd6 Nxe4 21.Rxh6 gxh6 22.Re1 Nxf2
23.Rxe5+ Kf6 24.Re3 Ng4 25.Re2 Ne5 26.b3 Nd3+ 27.Kc2 Nf4 28.Rf2 Ke5 29.Rd2 f5
30.Rd7 Ne6 31.Rd5+ Kf6 32.Kd2 Rg8 33.Rd6 Rg2+ 34.Ke3 Ke5 35.Rd5+ Kf6 36.Rd6 Ke5
37.Rd5+ Kf6  1/2-1/2

[Event "10th Bergamo Open"]
[Site "Bergamo ITA"]
[Date "2011.07.16"]
[Round "3.8"]
[White "Borgo,G"]
[Black "Aranovitch,E"]
[Result "0-1"]
[WhiteElo "2404"]
[BlackElo "2328"]

1.Nf3 Nf6 2.c4 c5 3.Nc3 g6 4.e4 Nc6 5.d4 cxd4 6.Nxd4 d6 7.Be2 Bg7 8.Be3 O-O
9.O-O Nxd4 10.Bxd4 Bd7 11.Kh1 Bc6 12.Qd3 a5 13.Rad1 Nd7 14.Bxg7 Kxg7 15.f4 Qb6
16.Bg4 Nf6 17.Bf3 Qxb2 18.e5 dxe5 19.fxe5 Nd7 20.Qd4 Bxf3 21.Rxf3 Rad8 22.Rdf1 Qb6
23.Qf4 Qe6 24.Re1 Rc8 25.Re4 Nb6 26.Rh3 h5 27.Rh4 Qf5 28.Qc1 Rfd8 29.h3 Qf2
30.Ne2 Rd3 31.Qg5 Qf5 32.Qg3 Rxg3  0-1

[Event "III Corporation Cup A"]
[Site "Izhevsk RUS"]
[Date "2011.07.16"]
[Round "2"]
[White "Krutko,A"]
[Black "Ponkratov,P"]
[Result "0-1"]
[WhiteElo "2386"]
[BlackElo "2593"]

1.c4 Nf6 2.Nc3 e6 3.Nf3 c5 4.g3 b6 5.Bg2 Bb7 6.O-O Be7 7.b3 O-O 8.Bb2 d6
9.e3 Nbd7 10.Qe2 Qc7 11.Rfd1 a6 12.Rac1 Rac8 13.d4 Qb8 14.e4 cxd4 15.Nxd4 Rfe8
16.f4 Bf8 17.Nf3 b5 18.cxb5 axb5 19.Qxb5 Qa7+ 20.Kh1 Ng4 21.Rd2 Nf2+ 22.Rxf2 Qxf2
23.Ba1 Bc6 24.Qf1 Qa7 25.Qd1 e5 26.f5 Nc5 27.Ne1 Bb7 28.Bb2 Qa8 29.Qe2 d5
30.exd5 e4 31.Rd1 e3 32.Qg4 Qa6 33.h4 Nd7 34.Rd4 Nf6 35.Qd1 Bd6 36.g4 Be5
37.g5 Nxd5 38.Ne2 Nf4 39.Rxf4 Bxf4 40.Nd3  0-1

[Event "St Pauli Open"]
[Site "Hamburg GER"]
[Date "2011.07.17"]
[Round "9.16"]
[White "Andersen,Je"]
[Black "Wenzel,B"]
[Result "1/2-1/2"]
[WhiteElo "2186"]
[BlackElo "2019"]

1.Nf3 Nf6 2.c4 c5 3.Nc3 e6 4.g3 b6 5.Bg2 Bb7 6.O-O Be7 7.d4 cxd4 8.Qxd4 d6
9.Rd1 a6 10.Bg5 Nbd7 11.e4 Qc7 12.Rac1 O-O 13.b3 Rac8 14.h3  1/2-1/2

[Event "XIII Gdansk Open"]
[Site "Gdansk POL"]
[Date "2011.07.18"]
[Round "3.8"]
[White "Plewa,P"]
[Black "Rybak,T"]
[Result "1/2-1/2"]
[WhiteElo "1864"]
[BlackElo "2222"]

1.Nf3 Nf6 2.c4 e6 3.Nc3 c5 4.e3 d5 5.d4 Nc6 6.Bd3 Be7 7.O-O O-O 8.b3 b6 9.Bb2 cxd4
10.exd4 Bb7 11.Rc1 Rc8 12.Qe2 dxc4 13.Bxc4 Na5 14.Ba6 Bxa6 15.Qxa6 Nc6 16.Rfd1 Nd5
17.g3 Ncb4 18.Qe2 Nxc3 19.Bxc3 Qd5 20.Ne5 Nc6 21.Ng4 Ba3 22.Rb1 Ne7 23.Ne3 Qe4
24.Qd2 Bd6 25.Nc4 Bb8 26.Bb4 Rfe8 27.Re1 Qb7 28.Bxe7 Rxe7 29.Rbd1 Rd7 30.Qe2 Rcd8
31.Qb2 a6 32.a4 b5 33.axb5 axb5 34.Na5 Qb6 35.b4 Rxd4 36.Rxd4 Rxd4 37.Nc6 Rc4
38.Nxb8 Qxb8 39.Qd2 g6 40.Ra1 Qb7 41.Rb1 Qe4 42.Re1 Qf3 43.Rb1 h5 44.h4 Qe4
45.Re1 Qc6 46.Rd1 Kh7 47.Rb1 Qe4 48.Re1 Qd4  1/2-1/2

[Event "3rd Artemis Cup"]
[Site "Leros GRE"]
[Date "2011.07.19"]
[Round "9.7"]
[White "Mastrovasilis,D"]
[Black "Paulet,I"]
[Result "1-0"]
[WhiteElo "2604"]
[BlackElo "2233"]

1.c4 c5 2.Nf3 Nf6 3.Nc3 b6 4.e4 Bb7 5.e5 Ne4 6.Bd3 Nxc3 7.dxc3 e6 8.Bf4 Be7
9.Qe2 Nc6 10.O-O-O Qc7 11.Rd2 O-O-O 12.Rhd1 h6 13.Bg3 d5 14.cxd5 Rxd5 15.Be4 Rxd2
16.Nxd2 Rd8 17.Nc4 Rxd1+ 18.Qxd1 Nd8 19.Nd6+ Bxd6 20.exd6 Qd7 21.Bd3 Bd5
22.Ba6+ Nb7 23.Qg4 f6 24.Qg6 e5 25.Qh7 Kb8 26.Qh8+ Nd8 27.f4 e4 28.f5 Bc6
29.Qg8 e3 30.Bc4 e2 31.Be6 e1=Q+ 32.Bxe1 Qe8 33.Qxg7 Nxe6 34.fxe6 Qxe6 35.Qc7+  1-0

[Event "20th ch-MKD Open"]
[Site "Struga MKD"]
[Date "2011.07.19"]
[Round "4"]
[White "Skrceski,G"]
[Black "Nikolovska,D"]
[Result "1-0"]
[WhiteElo "2267"]
[BlackElo "1739"]

1.Nf3 Nf6 2.c4 c5 3.Nc3 d5 4.cxd5 Nxd5 5.g3 g6 6.Bg2 Bg7 7.O-O O-O 8.h3 Nc6
9.Nxd5 Qxd5 10.d3 Qd7 11.Rb1 b6 12.Bd2 Bb7 13.Qa4 Rfd8 14.Rfc1 Nd4 15.Qxd7 Rxd7
16.Nxd4 Bxd4 17.Bxb7 Rxb7 18.b4 cxb4 19.Rxb4 Bc5 20.Rxc5 Rd7 21.Rc6  1-0

[Event "4th Paleohora Open"]
[Site "Paleochora GRE"]
[Date "2011.07.21"]
[Round "2"]
[White "Banikas,H"]
[Black "Iordanidou,Z"]
[Result "1-0"]
[WhiteElo "2593"]
[BlackElo "2185"]

1.Nf3 Nf6 2.c4 e6 3.Nc3 c5 4.g3 b6 5.Bg2 Bb7 6.O-O Be7 7.d4 Ne4 8.Nxe4 Bxe4
9.d5 exd5 10.cxd5 Bxf3 11.Bxf3 d6 12.e4 Nd7 13.Be2 O-O 14.Ba6 Rb8 15.a4 Bf6
16.Qc2 Bd4 17.Kg2 Qe7 18.f3 Rbd8 19.Bf4 Nb8 20.Bc4 Qb7 21.Bg5 f6 22.Bd2 Nd7
23.f4 Rfe8 24.Rae1 a6 25.Qd3 Bxb2 26.Bxa6 Qc7 27.Bb5 Re7 28.Be3 Rde8 29.Bf2 Qa7
30.Re2 Bd4 31.Bxd4 cxd4 32.Qxd4 Rc8 33.Bc6 Nc5 34.e5 fxe5 35.fxe5 dxe5 36.Rxe5 Rf7
37.d6  1-0

[Event "Najdorf Memorial"]
[Site "Warsaw POL"]
[Date "2011.07.21"]
[Round "8"]
[White "Butnorius,A"]
[Black "Adamski,J"]
[Result "1/2-1/2"]
[WhiteElo "2398"]
[BlackElo "2289"]

1.Nf3 Nf6 2.c4 e6 3.Nc3 c5 4.g3 b6 5.Bg2 Bb7 6.O-O Be7 7.Re1 d5 8.cxd5 Nxd5
9.e4 Nxc3 10.bxc3 O-O 11.d4 cxd4 12.cxd4 Bb4 13.Bd2 Bxd2 14.Qxd2 Nd7 15.Rad1 Nf6
16.Ne5 Re8 17.d5 exd5 18.exd5 Qd6 19.Nc6 h6 20.h3 Rxe1+ 21.Qxe1 Re8 22.Qd2 Ba8
23.a4 a6 24.Bf3 Ne4 25.Qe3 Bxc6 26.dxc6 Qxc6 27.Rd4 f5 28.Rb4 b5 29.axb5 axb5
30.Qb3+ Kh8 31.Rxb5 Qc1+ 32.Kg2 Qe1 33.Bxe4 Qxe4+ 34.Qf3 Qxf3+ 35.Kxf3 g6
36.Rb7 Re5 37.h4 Rc5 38.Ra7 Rb5 39.Kf4 Rc5 40.f3 Rb5 41.Rd7 Ra5 42.Ke3 Ra4
43.Rd4 Ra2 44.Kf4 Kg7 45.Rd7+ Kf6 46.Rd6+ Kg7 47.h5 gxh5 48.Re6 Ra3 49.Re5 Kg6
50.Re6+ Kg7  1/2-1/2

[Event "15th Godesburg Open"]
[Site "Bad Godesberg GER"]
[Date "2011.07.23"]
[Round "1.3"]
[White "Balcerak,J"]
[Black "Grosse-Gehling,Thomas"]
[Result "1-0"]
[WhiteElo "2441"]
[BlackElo "1834"]

1.c4 e6 2.Nc3 Nf6 3.Nf3 c5 4.g3 Nc6 5.Bg2 Be7 6.O-O O-O 7.d4 cxd4 8.Nxd4 Qb6
9.Ndb5 Ne8 10.Be3 Qd8 11.Qd2 a6 12.Nd4 Ne5 13.b3 Bb4 14.Nc2 Bxc3 15.Qxc3 Ng6
16.Bc5 d6 17.Ba3 Qc7 18.Rfd1 Ne7 19.Qd2 Bd7 20.Bxd6 Nxd6 21.Qxd6 Qxd6 22.Rxd6 Bc6
23.Bxc6 Nxc6 24.Rad1 Rfd8 25.Kg2 Kf8 26.Rxd8+ Rxd8 27.Rxd8+ Nxd8 28.Kf3 Nc6
29.Ke3 Ke7 30.Nd4 Kd6 31.Nxc6 Kxc6 32.Kd4 f6 33.f4 h5 34.b4 b5 35.Kc3 e5
36.fxe5 fxe5 37.cxb5+ axb5 38.Kb3 g5 39.a4 bxa4+ 40.Kxa4 Kb6 41.b5  1-0

[Event "TCh-POR 1st Div"]
[Site "Torres Vedras POR"]
[Date "2011.07.23"]
[Round "1.1"]
[White "Strikovic,A"]
[Black "Pires,G"]
[Result "1-0"]
[WhiteElo "2573"]
[BlackElo "2050"]

1.c4 Nf6 2.Nf3 c5 3.Nc3 e6 4.g3 b6 5.Bg2 Bb7 6.O-O Be7 7.Re1 d6 8.e4 a6 9.d4 cxd4
10.Nxd4 Qc7 11.Be3 O-O 12.Rc1 Nbd7 13.f4 Rac8 14.f5 e5 15.Nd5 Qd8 16.Nb3 Nxd5
17.exd5 Bg5 18.Qd2 Bxe3+ 19.Qxe3 b5 20.c5 dxc5 21.Nxc5 Nxc5 22.Rxc5 Rxc5
23.Qxc5 Qa5 24.Rxe5 Qxa2 25.d6 Qb1+ 26.Kf2 Bxg2 27.Kxg2 Qxb2+ 28.Kh3 Qd2
29.Qc6 Qh6+ 30.Kg2 Qd2+ 31.Kf1 Qd1+ 32.Re1 Qd3+ 33.Kf2 Qd4+ 34.Kf3 g5 35.Re8 Qd1+
36.Kg2 g4 37.d7 Qd2+ 38.Kf1 Qd1+ 39.Kf2 Qd2+ 40.Re2 Qd4+ 41.Ke1 Qa1+ 42.Kd2 Qb2+
43.Kd3 Qb1+ 44.Kd2 Qb2+ 45.Qc2 Qb4+ 46.Qc3 Qd6+ 47.Qd3 Qb4+ 48.Kd1 Qa4+ 49.Ke1 Qa5+
50.Kf1 Qd8 51.Qd6 Qa8 52.f6 Qh1+ 53.Kf2 Qf3+ 54.Ke1 Qc3+ 55.Kf1 Qf3+ 56.Rf2 Qh1+
57.Ke2 Qe4+ 58.Kd2 Qa8 59.Rf4 Rd8 60.Rxg4+ Kh8 61.Ke3 Qh1 62.Rd4 Qxh2 63.Qe7 Qxg3+
64.Ke4 Qg4+ 65.Ke5 Qg3+ 66.Kd5 Qc7 67.Qe8+  1-0